| 000 | 01403nam a2200433 c 4500 | ||
|---|---|---|---|
| 001 | 52635 | ||
| 003 | ES-MaCES | ||
| 005 | 20250203133239.0 | ||
| 008 | 230119s2022 sp 000 | spa d | ||
| 017 |
_aM 7158-2022 _bDL |
||
| 020 | _a9788436846492 | ||
| 040 |
_aES-MaCES _bspa _cES-MaCES |
||
| 100 | 1 |
_922403 _aRodríguez Ortiz, Francisco |
|
| 245 | 1 | 0 |
_aEntre pandemia y pospandemia _b: ¿retorno al pasado? : un águila imperial sobrevuela a un cisne negro _cFrancisco Rodríguez Ortiz |
| 260 |
_aMadrid _bPiramide _c[2022] |
||
| 300 |
_a223 p. _c23 cm |
||
| 490 | 1 | _aColección 'Empresa y gestión' | |
| 504 | _aBibliografía: p. 217-223 | ||
| 541 | _cCompra | ||
| 650 | 4 |
_aCovid-19 _939751 |
|
| 650 | 4 |
_aglobalización económica _930653 |
|
| 650 | 4 |
_acambio tecnológico _928236 |
|
| 650 | 4 |
_apolítica exterior _926687 |
|
| 650 | 4 |
_aRusia, Federación (1991- ) _930484 |
|
| 650 | 4 |
_aUcrania _930497 |
|
| 650 | 4 |
_aevaluación del impacto _930732 |
|
| 650 | 4 |
_apolítica económica _927025 |
|
| 650 | 4 |
_aUEM _930760 |
|
| 650 | 4 |
_apolítica fiscal _928082 |
|
| 650 | 4 |
_ainflación _928097 |
|
| 650 | 4 |
_aempleo precario _930171 |
|
| 650 | 4 |
_apolítica comunitaria _930776 |
|
| 650 | 4 |
_aUE _926752 |
|
| 650 | 4 |
_aEspaña _926964 |
|
| 653 | 1 | 0 | _aCondiciones económicas |
| 830 | 0 |
_aColección 'Empresa y gestión' _932192 |
|
| 902 | _aLIB Libro | ||
| 942 |
_2CES _cBK _h0.0. |
||
| 999 |
_c52635 _d52635 |
||